00717 2200253 4500001002100000005001700021008004100038035002500079040001200104082001600116084001900132100001900151245007100170250001200241260003700253300003500290500002700325650002000352650002500372850001200397990001800409990001800427990001800445INLIS00000000001263120151009105841.0  a0010-091500000001144 aYOPDYOG 2[23]a006.6 aRQ 006.6 And C aANDREAS DHIMAS aCara mudah menggambar kartun untuk animasi kerenc/ Andreas Dhimas aCet. 1. aYogyakartabTaka Publisherc2013 av, 200 hlm.b: ilus. ;c30 cm. aBibliografi : hlm. 199 aKomputer grafis aKartun dan karikatur aYOPDYOG a20590-PD/B.15 a20591-PD/B.15 a20592-PD/B.15